书目信息 |
| 题名: |
中华人民共和国药典
|
|
| 作者: | ;中华人民共和国卫生部药典委员会 编 | |
| 分册: | 二部 | |
| 出版信息: | 北京 人民卫生出版社 1985 |
|
| 页数: | 1册 | |
| 开本: | 26cm | |
| 丛书名: | ||
| 单 册: | ||
| 中图分类: | R921.2 | |
| 科图分类: | ||
| 主题词: | 药典--中国--1985 | |
| 电子资源: | ||
| ISBN: | ||
| 000 | 00823nam0 2200229 45 | |
| 001 | 0185016513 | |
| 005 | 20061122143541.26 | |
| 010 | @b精装@dCNY13.90 | |
| 091 | @a14063.3785 | |
| 100 | @a19951113d1985 em y0chiy0121 ea | |
| 101 | 0 | @achi |
| 102 | @aCN@b110000 | |
| 105 | @ay z 000yy | |
| 200 | 10 | @a中华人民共和国药典@Azhong hua ren min gong he guo yao dian@e一九八五年版@h二部@f中华人民共和国卫生部药典委员会编@Fzhong hua ren min gong he guo wei sheng bu yao dian wei yuan hui bian |
| 210 | @a北京@c人民卫生出版社@d1985 | |
| 215 | @a1册@d26cm | |
| 606 | @a药典@y中国@z1985 | |
| 690 | @aR921.2@v3 | |
| 711 | 02 | @a中华人民共和国卫生部药典委员会@4编@Azhong hua ren min gong he guo wei sheng bu yao dian wei yuan hui |
| 801 | 0 | @aCN@bTSSF@c20061122 |
| 801 | 2 | @aCN@bNLC@c20061122 |
| 905 | @a10447@dR921.2@e11(1985):2 | |
| 中华人民共和国药典:一九八五年版.二部/中华人民共和国卫生部药典委员会编.-北京:人民卫生出版社,1985 |
| 1册;26cm |
| ISBN (精装):CNY13.90 |
| ● |
| 相关链接 |
|
|
|
|
正题名:中华人民共和国药典
索取号:R921.2/11(1985):2
 
预约/预借
| 序号 | 登录号 | 条形码 | 馆藏地/架位号 | 状态 | 备注 |
| 1 | 0202482 | 000557506 | 第二样本阅览室/ [索取号:R921.2/11(1985):2] | 在馆 |